Основи творчості особи (Record no. 308498)

MARC details
000 -Лідер
fixed length control field 00703nam a22002657a 4500
003 - Ідентифікатор контрольного номера
control field UA-OsUOA
001 - Контрольний номер
control field 22282
007 - Фіксоване поле фізичного опису
fixed length control field ta
008 - Елементи даних фіксованої довжини – загальна інформація
fixed length control field 20031218b un ||||| |||| 00| 0 ukr d
090 ## - Локальний шифр розміщення
Класифікаційний індекс УДК 159.929:331.021.4(07)
Авторський знак (НП) К48
040 ## - Джерело каталогізації
Агенція оригінальної каталогізації UA-OsUOA
Мова каталогізації ukr
Агенція, яка здійснювала перезапис UA-OsUOA
Агенція, яка здійснювала модифікацію UA-OsUOA
041 ## - Код мови
Код мови тексту/ звукової доріжки чи окремого заголовка (П) ukr
080 ## - Індекс Універсальної десяткової класифікації
Індекс Універсальної десяткової класифікації (УДК) (НП) 159.929:331.021.4(07)
020 ## - Міжнародний стандартний книжковий номер (ISBN)
Міжнародний стандартний книжковий номер (ISBN) (НП) 5-11-004658-1
044 ## - Код країни видавця/ виробника
Код країни видавця/ виробника (П) UA
100 ## - Основне введення – ім’я особи
Ім’я особи (НП) Клепіков О. І.
245 ## - Відомості про назву
Назва (НП) Основи творчості особи
Решта назви (НП) Навчальний посібник
260 ## - Публікація, розповсюдження і т.п. (Вихідні дані)
Місце публікації, розповсюдження і т.п. (П) Київ
Ім’я/ наймення видавництва, розповсюджувача і т.п. (П) Вища школа
Дата публікації, розповсюдження і т.п. (П) 1996
300 ## - Фізичний опис
Обсяг 295 с.
650 #7 - Додаткове предметне введення – тематичний термін
Джерело заголовка чи терміна UDC
700 ## - Додаткове введення – ім'я особи
Ім’я особи (НП) Кучерявий І. Т.
942 ## - Додаткові елементи входу (Коха)
Тип елемента Koha Books
955 ## - Код типу видання за змістом
Код типу видання за змістом (НП) інше
Holdings
Стан вилучень Стан втрат Джерело класифікації або схеми стелажів Стан уражень Не для кредиту Постійне місце розташування Поточне розміщення Дата придбання Інвентарний номер Усього замовленно Повний номер виклику Штрих-код Дата останнього перегляду Ціна ефективна від Тип елемента Koha Усього утримується
    Universal Decimal Classification     ЧЗ - Читальна зала ЧЗ - Читальна зала 18/12/2003 62843   159.929:331.021.4(07) К48 62843 07/02/2022 18/12/2003 Books  
Withdrawn   Universal Decimal Classification     ЧЗ - Читальна зала ЧЗ - Читальна зала 18/12/2003 62844   159.929:331.021.4(07) К48 62844 13/07/2019 18/12/2003 Books 1
    Universal Decimal Classification     ЧЗ - Читальна зала ЧЗ - Читальна зала 18/12/2003 62845   159.929:331.021.4(07) К48 62845 07/02/2022 18/12/2003 Books  
    Universal Decimal Classification     ЧЗ - Читальна зала ЧЗ - Читальна зала 18/12/2003 62846   159.929:331.021.4(07) К48 62846 07/02/2022 18/12/2003 Books